Kapitálová štruktúra a jej vplyv na výslednú hodnotu podniku diplomová práca

Na minha lista:
Detalhes bibliográficos
Autor principal: Kušnírová, Hana
Autor Corporativo: Fakulta podnikového manažmentu EU. Katedra podnikovohospodárska
Outros Autores: Jakubec, Miroslav
Formato: Livro
Idioma:eslovaco
Publicado em: Bratislava 2015
Tags: Adicionar Tag
Sem tags, seja o primeiro a adicionar uma tag!

MARC

LEADER 00000nbm a2200000 4500
001 0201367
005 20161212102837.1
041 0 |a slo 
044 |a SK 
245 1 0 |a Kapitálová štruktúra a jej vplyv na výslednú hodnotu podniku  |b diplomová práca  |c Hana Kušnírová ; školiteľ: Miroslav Jakubec 
264 1 |a Bratislava  |c 2015 
300 |a 93 s. 
100 1 |a Kušnírová, Hana 
700 1 |a Jakubec, Miroslav 
710 2 |a Fakulta podnikového manažmentu EU. Katedra podnikovohospodárska